000 00833nam a2200229Ia 4500
999 _c58926
_d58926
003 GCL
005 20240530110139.0
008 140319s9999 xx 000 0 ara d
040 _aGCL /
_cGCL
082 0 4 _a790.43
_bا ق
100 1 _aايزود، جون
245 1 0 _aقراءة الشاشه تمهيد للدراسات السينمائية /
_cجون ايزود ؛ ترجمة احمد الحضرى
260 _a[S.N] :
_bالمجلس الاعلى للثقافة ،
_c1989
300 _a150 ص
650 0 4 _aالافلام السينمائية
650 0 4 _aالاخراج السينمائى
650 0 4 _aالتصوير السينمائى
650 0 4 _aالموسيقى التصويرية للافلام
650 0 4 _aالافلام الملونة
700 1 _aاحمد الحضرى
_eمترجم
942 _2ddc
_cBK